000 00524nam a22001697a 4500
999 _c9208
_d9208
008 210329b ||||| |||| 00| 0 eng d
040 _aBMS College of Architecture
100 _aRamesh, Shalini
245 _aInternational residential School at Magadi Bangalore
300 _aNA
500 _a1BM03AT025
502 _8B.Arch
_NBMS College of Architecture, Visvesvaraya Technological University
_aProject report
_d2007
650 _aMagadi
700 _aS Sindhu
_eGuide
700 _aSatish Rao
_eGuide
942 _2ddc
_cTHE